000
00327 a2200109 4500
001
ART_11266
005
20260410161855.0
008
260409a
245
1
0
_a
Los Factores de Riesgo de una Empresa
100
1
_a
Alvarez, Héctor Felipe
773
0
_t
Revista de Economía
_g
- Nº 55 (abr./jun. 1989)
_w
REV11077
999
_c
25410
_d
25410